48-Series microcomputers handbook

Gespeichert in:
Bibliographische Detailangaben
Körperschaft: National Semiconductor Corporation (VerfasserIn)
Format: Buch
Sprache:Englisch
Veröffentlicht: Santa Clara National Semiconductor Handbook 1978
Schlagworte:
Tags: Tag hinzufügen
Keine Tags, Fügen Sie den ersten Tag hinzu!

MARC

LEADER 00000nam a2200000 a 4500
001 UCU8284
003 CL-VaPUC
008 960719e19780000US |||||||||||||||||eng|d
082 0 4 |a 621.391  |b NAT  |2 21 
110 2 |a National Semiconductor Corporation  |e author  |9 367562 
245 1 0 |a 48-Series microcomputers handbook 
300 |a 94 p 
942 |c BK 
945 |d 19960719 00:00:00  |a cmena 
260 |a Santa Clara  |b National Semiconductor Handbook  |c 1978 
650 0 |a Electrónica   |9 263192 
650 0 |a Computadores  |9 258188 
650 0 |a Circuitos integrados   |9 260673 
650 7 |a CIRCUITOS DE COMPUTADORES  |2 CL-VaPUC  |9 263405 
650 0 |a Microcomputadores  |9 263190 
583 |a last modification  |c 19960719 00:00:00  |k Rodrigo Vera 
999 |c 250713  |d 250711 
952 |0 0  |1 0  |4 0  |6 621_391000000000000_NAT_1978  |7 0  |8 A  |9 269189  |a BIBING  |b BIBING  |d 2019-11-19  |i 1709399  |o 621.391 NAT 1978  |p 1709399  |r 2025-01-20  |w 2019-11-19  |y BK  |k EIE